000 00521nam a2200181Ia 4500
999 _c3493
_d3493
003 OSt
005 20200813095924.0
008 190216s9999||||xx |||||||||||||| ||und||
020 _a9788123909752
040 _coclc
082 _a547.13
_bING/S
100 _aIngold, C K
_94085
245 0 _aStructure And Mechanism In Organic Chemistry /
_cC K Ingold
260 _bCbs Publishers,
_c1994.
_aNew Delhi:
300 _a1266p
650 _aChemistry
942 _cBK
_2ddc
_h547.13
_iING/S
_k547.13
_mING/S